Success master journalism & mass communication entrance examinations 2017 / (Record no. 143353)

MARC details
000 -LEADER
fixed length control field 00739nam a22001817a 4500
005 - DATE AND TIME OF LATEST TRANSACTION
control field 20170816151944.0
010 ## - LCCN (DPL NO)
LC control number B-664813
020 ## - INTERNATIONAL STANDARD BOOK NUMBER
International Standard Book Number 9789385980930
Terms of availability 465.00
035 ## - SYSTEM CONTROL NUMBER
System control number B-664813
037 ## - SOURCE OF ACQUISITION
Source of stock number/acquisition Star
Stock number dpl
082 ## - DEWEY DECIMAL CLASSIFICATION NUMBER
Classification number 000
245 ## - TITLE STATEMENT
Title Success master journalism & mass communication entrance examinations 2017 /
260 ## - PUBLICATION, DISTRIBUTION, ETC. (IMPRINT)
Place of publication, distribution, etc New Delhi
Name of publisher, distributor, etc Arihant Publication
270 ## - ADDRESS
Address 4577/15 Agarwal Road,Dariya Ganj
City New Delhi
Postal code 110002
Telephone number 011-47630600,232803160
Fax number 11-23280316
300 ## - PHYSICAL DESCRIPTION
Extent various peges.
Dimensions 27.5cm. (pbk)
942 ## - ADDED ENTRY ELEMENTS (KOHA)
Source of classification or shelving scheme Dewey Decimal Classification
Item type English Books
Classification part 000
Call number suffix SUC
Holdings
Withdrawn status Lost status Not for loan Collection code Home library Current library Date acquired Source of acquisition Cost, normal purchase price Full call number Barcode Copy number Cost, replacement price Koha item type
      Non-fiction Ashok Vihar Ashok Vihar 14/08/2017 BPPD/EN/2015-16/AV/2016-17/404/15.02.2017/Star/SP2265/25.02.2017/06.03.2017 465.00 000 SUC B-664813 1 465.00 English Books

© Delhi Public Library
Hit Counter
free hit counter